000 00663nam a2200181Ia 4500
003 GCL
005 20240530110924.0
008 140319s9999 xx 000 0 ara d
040 _aGCL /
_cGCL
082 0 4 _a953.07
_bم و
100 0 _aمحمد ماهر حمادة
245 1 2 _aالوثائق السياسية والادارية العائدة للعصور العباسية المتتابعة 247 - 656 هـ - 861 - 1258 م /
_cمحمد ماهر حمادة
300 _a516 ص
490 0 _aسلسلة وثائق الاسلام ؛
_v3
650 0 4 _aالتاريخ الاسلامى
650 0 4 _aالدولة العباسية - تاريخ
942 _2ddc
_cBK
999 _c66526
_d66526